000 00688nam a22001937a 4500
003 NUST-PNEC
005 20170116180716.0
008 141021b xxu||||| |||| 00| 0 eng d
020 _a0201037505
040 _cPNEC
082 _a515 KIT
100 _9722
_aKitchen, Joseph W.
245 _aCalculus of one variable
_cJoseph W. Kitchen
260 _aMenlo Park
_bAddison-Wesley Pub. Co.
_c1968.
300 _axiii, 785 pages:
_b illustrations ;
_c24 cm.
500 _aIncludes Index http://www.amazon.com/Calculus-one-variable-Joseph-Kitchen/dp/0201037505/ref=sr_1_1?s=books&ie=UTF8&qid=1413874578&sr=1-1&keywords=Calculus+of+one+variable+by+kitchen
650 _xME
942 _2ddc
_cBK
999 _c61196
_d61196